000
00255nam a22000977a 4500
008
250820b |||||||| |||| 00| 0 eng d
020
_a
9789354718823
100
_a
Kibuishi Kazu
_9
7631
245
_a
Amulet-9 (Waverider)
260
_a
New Delhi
_b
Scholastic
_c
2023
999
_c
12806
_d
12806